উন্মুক্ত ও দূরশিক্ষণ : (Record no. 76294)
[ view plain ]
| 000 -LEADER | |
|---|---|
| fixed length control field | 01022nam a22002657a 4500 |
| 001 - CONTROL NUMBER | |
| control field | 76294 |
| 003 - CONTROL NUMBER IDENTIFIER | |
| rucl marc code | BD-RjUL |
| 005 - DATE AND TIME OF LATEST TRANSACTION | |
| control field | 20211209082825.0 |
| 008 - FIXED-LENGTH DATA ELEMENTS--GENERAL INFORMATION | |
| fixed length control field | 191120s2003 bg ||||| |||| 00| 0 ben d |
| 020 ## - INTERNATIONAL STANDARD BOOK NUMBER | |
| International Standard Book Number | 9844103258 |
| 035 ## - SYSTEM CONTROL NUMBER | |
| System control number | (BD-RjUL)76515 |
| 040 ## - CATALOGING SOURCE | |
| Original cataloging agency | BD-RjUL |
| Language of cataloging | eng |
| Transcribing agency | BD-RjUL |
| 041 ## - LANGUAGE CODE | |
| Language code of text/sound track or separate title | eng |
| 082 ## - DEWEY DECIMAL CLASSIFICATION NUMBER | |
| Edition number | 23 |
| Classification number | 371.35 |
| Author mark and year | ISU 2003 |
| 100 ## - MAIN ENTRY--PERSONAL NAME | |
| Personal name | ইসলাম, এম আমিনুল |
| 9 (RLIN) | 235220 |
| 245 10 - TITLE STATEMENT | |
| Title | উন্মুক্ত ও দূরশিক্ষণ : |
| Remainder of title | তত্ত্ব ও চর্চা / |
| Statement of responsibility, etc. | এম আমিনুল ইসলাম |
| 260 ## - PUBLICATION, DISTRIBUTION, ETC. (IMPRINT) | |
| Place of publication, distribution, etc. | ঢাকা : |
| Name of publisher, distributor, etc. | মাওলা ব্রাদার্স, |
| Date of publication, distribution, etc. | ২০০৩ |
| 300 ## - PHYSICAL DESCRIPTION | |
| Pagination | ২২৮ পৃ. ; |
| Size | ২১ সেমি. |
| 504 ## - BIBLIOGRAPHY, ETC. NOTE | |
| Bibliography, etc | গ্রন্থপঞ্জি সংযু্ক্ত |
| 650 ## - SUBJECT ADDED ENTRY--TOPICAL TERM | |
| Topical term or geographic name as entry element | উন্মুক্ত শিক্ষা |
| 9 (RLIN) | 235221 |
| Topical term or geographic name as entry element | দূরত্ব শিক্ষা |
| 9 (RLIN) | 235222 |
| Topical term or geographic name as entry element | Open learning |
| 9 (RLIN) | 235223 |
| Topical term or geographic name as entry element | Distance education |
| 9 (RLIN) | 235224 |
| 942 ## - ADDED ENTRY ELEMENTS (KOHA) | |
| Source of classification or shelving scheme | Dewey Decimal Classification |
| Koha item type | Books |
| Lost status | Source of classification or shelving scheme | Damaged status | Not for loan | Collection code | Permanent Location | Current Location | Shelving location | Date acquired | Source of acquisition | Cost, normal purchase price | Total Checkouts | Full call number | Date last seen | Copy number | Koha item type |
|---|---|---|---|---|---|---|---|---|---|---|---|---|---|---|---|
| Dewey Decimal Classification | Non-fiction | Central Library, University of Rajshahi | Central Library, University of Rajshahi | 12/11/2019 | Biddasagar, Rajshahi | 250.00 | B 371.35 ISU 2003 | 20/11/2019 | C-2 | Books | |||||
| Dewey Decimal Classification | Not For Loan | Non-fiction | Central Library, University of Rajshahi | Central Library, University of Rajshahi | Reading Room | 12/11/2019 | Biddasagar, Rajshahi | 250.00 | B 371.35 ISU 2003 | 20/11/2019 | C-1 | Books |